[Event "BRA-ch U16"]
[Site "Volta Redonda"]
[Date "2001.05.05"]
[Round "3.10"]
[White "Sa, Jose"]
[Black "Cunha, Walter R"]
[Result "1-0"]
[WhiteElo "1859"]
[BlackElo "1795"]
[PlyCount "61"]
[EventDate "2001.05.??"]
[EventType "swiss"]
[EventRounds "6"]
[EventCountry "BRA"]
[SourceTitle "EXT 2003"]
[Source "ChessBase"]
[SourceDate "2002.11.25"]
[SourceVersion "1"]
[SourceVersionDate "2002.11.25"]
[SourceQuality "1"]

1. b3 d5 2. Bb2 c5 3. e3 Nc6 4. Nf3 Nf6 5. d4 cxd4 6. Nxd4 Nxd4 7. Bxd4 e6 8. Be2 Bd6 9. Nd2 Bd7 10. c4 dxc4 11. Nxc4 Bb4+ 12. Nd2 Qa5 13. a3 Be7 14. 0-0 Bc6 15. Nc4 Qd8 16. Bf3 Bd5 17. Qe2 0-0 18. Rfd1 Bxf3 19. Qxf3 Qd5 20. Qxd5 Nxd5 21. Na5 b6 22. Nc6 Rfc8 23. Nxe7+ Nxe7 24. Rac1 Rxc1 25. Rxc1 Rc8 26. Rxc8+ Nxc8 27. Kf1 b5 28. Ke2 Kf8 29. Kd3 g6 30. Kc3 Ke7 31. Kb4 1-0